00566nam a2200205 a 4500001001300000003000900013005001700022008004100039020001000080082001600090100002200106245006800128260002500196300000900221500003500230505001000265650002300275650004000298700002200338nice12345678IN_TiNIC20260116013809.0050524s1985 dela grp 000 0 eng  ac20000a954.12bMAC aMac Dougall, John aLand Or Religion? Sardar and Kherwar Movements in Bihar 1858-95 aDelhibManoharc1985 a282p aincludes index and biblioraphy2 aIndex aIndia-Tribes-Bihar aSardar & kherwar movement-bihar18581 aMac Dougall, John